Statistics for Words Containing “the”

Click here to take the quiz!

General Stats

  • This quiz has been taken 19 times
  • The average score is 13 of 25

Answer Stats

DefinitionAnswer% Correct
Engaged to be married.Bbetrothed
89%
A house of prostitution.Bbrothel
84%
A person, especially a male one, who reports the state of the atmosphere or forecasts its state.Wweatherman
84%
The state of being a female parent.Mmotherhood
79%
(biology) Any process by which plants and other photoautotrophs convert light energy into chemical energy.Pphotosynthesis
79%
Foamed.Ffrothed
74%
To extend.Llengthen
74%
A proposition that is the diametric opposite of some other proposition.Aantithesis
68%
Demonstrating the capability to identify with or understand the thoughts, feelings, or emotional state of another person.Eempathetic
68%
To expose one's body to the sun in order to relax or to obtain a suntan.Ssunbathe
68%
One who attends a performance at a place or building, consisting of a stage and seating, in which an audience gathers to watch plays, musical performances, public ceremonies, and so on.Ttheatergoer
63%
A practitioner of disease treatment through the artificial inducement of a trancelike state.Hhypnotherapist
53%
Arousing scorn or contempt, often due to miserable inadequacy.Ppathetic
53%
A practitioner who specializes in the treatment of people diagnosed with mental and emotional disorders using dialogue and a variety of other techniques.Ppsychotherapist
53%
A two-person sport where players hit a ball on the end of a cord attached to the top of a pole in opposite directions, and the winner is the one who manages to make the cord wrap all the way round the pole.Ttetherball
53%
Essence of wormwood.Aabsinthe
42%
Of or relating to the sensation or perception of motion.Kkinesthetic
37%
(pathology) The clogging or hardening of arteries or blood vessels caused by plaques (accumulations of fatty deposits, usually cholesterol).Aatherosclerosis
32%
(religion) The belief that the Universe is in some sense divine and should be revered. Pantheism identifies the universe with God but denies any personality or transcendence of such a God.Ppantheism
26%
In a curative manner.Ttherapeutically
26%
Casually careless or indifferent; showing a lack of concern.Bblithe
21%
(chiefly literary, archaic) Farthest down; lowest.Nnethermost
21%
A police officer (especially a detective) who wears civilian clothes when on duty.Pplainclothesman
21%
Visible offshoots of the trails of ink written on overly absorbent paper.Ffeathering
11%
Easily moved to sorrow or pity.Ssofthearted
5%

Score Distribution

Percentile by Number Answered

Percent of People with Each Score

Your Score History

You have not taken this quiz